000 00662nam a2200241Ia 4500
003 OSt
005 20220923224441.0
006 a|||||r|||| 00| 0
007 ta
008 Pun
024 _a233,064
037 _cTextual
040 _aARTS
_cARTS
_bPun
041 _2Pun
_aPun
082 _aO153,1N46x, L4
100 _aਅਹਿਮਦ ਸਲੀਮ
245 0 _aਤਨ ਤੰਬੂਰ
260 _aਦਿੱਲੀ
_b ਆਰਸੀ ਪਬਲਿFਰਗ਼
_c1974
300 _a136ਪੰ
_ccm.
650 _aਪੰਜਾਬੀ ਸਾਹਿਤ
942 _hO153,1N46x, L4
_cTEXL
_2CC
999 _c371520
_d371520